00704nam a2200169 a 450000100100000000500170001000800410002704000250006808200150009310000470010824500760015525000110023126000760024230000210031895201780033999900170051700003240620211021125226.0110715s1953 dr r 000 0 spa d aDO-SdBNPbspacBNPHU axxxxbxxxx1 aMarrero Aristy, Ramón,d1913-195992232410aTrujillo :bsintesis de su vida y de su obra /cRamón Marrero Aristy. a2a ed. aCiudad Trujillo, República Dominicana :bImpresora Dominicana,c1953. a122 p. ;c22 cm. 0010718PDaPDbPDcCTd2011-07-15iLF1l0oxxxx xxxxp32406-10r2020-06-25w2020-06-25yLFPDzPerteneció a la biblioteca personal de Germán Emilio Ornes.ZNo se presta c31897d31897